000 01474nab a2200253 i 4500
001 768714001
003 CO-MdFUSB
005 20240520113134.0
008 240520t1972 sp ||||| |||| 00| 0 spa d
040 _bspa
_cCO-MdFUSB
_dCO-MdFUSB
041 _aspa
100 _aKearney, Peter, ‎
_eautor
245 _a¿Da pie el Nuevo Testamento para una estructura eclesial diferente?
_c/ Peter Kearney ; traducido por Julio Alonso Asenjo
520 _a¿Da pie el Nuevo Testamento para una estructura eclesial diferente? Basado en la netrior pregunta, se hace un esfuerzo por comprender el significado de esta diversidad en el Nuevo Testamento. Además, el canon del Nuevo Testamento se formó precisamente porque se preveía que no todas las épocas de la Iglesia habían de ser como el período apostólico; por tanto, la imagen dibujada en las estructuras de las iglesias primitivas no puede ser el modelo ideal de nuestro tiempo.Esta variedad exige hoy más atención de nuestra parte.
630 0 7 _aBiblia.
_pNuevo Testamento
650 7 _aOración
_986
650 7 _aHermenéutica bíblica
_97333
650 7 _aIglesia
_9655
653 _aMinisterios en la Iglesia
700 _aAlonso Asenjo, Julio,
_etraductor
773 0 _049450
_982648
_oR2570
_tRevista internacional de teología Concilium
_w(CO-MdFUSB)8
_x0210-1041
_gNúmero 80, (diciembre, 1972), páginas: 487 - 501
_qpágina: 487
942 _cANA
945 _aCatherine Arias Alvarez - Practicante SENA
999 _c69792
_d69792